LEADER 01213nam 2200337 n 450 001 996383480703316 005 20221102114330.0 035 $a(CKB)1000000000590353 035 $a(EEBO)2240877687 035 $a(UnM)99859864 035 $a(EXLCZ)991000000000590353 100 $a19850913d1642 uy | 101 0 $aeng 135 $aurbn||||a|bb| 200 04$aThe bishops last vote in Parliament. Or, Their supersedeas from both Houses, in February, 1641$b[electronic resource] $eWho are now wished to attend their flocke, seeing they have time and leasure. Or if they will to preach in the Tower 210 $aLondon $cPrinted for Iohn Thomas$d1641. [i.e. 1642] 215 $a[8] p 300 $aA satire. 300 $aSignatures: A⁴. 300 $aReproductions of the original in the British Library. 330 $aeebo-0018 606 $aBishops$zEngland$xHumor$vEarly works to 1800 615 0$aBishops$xHumor 801 0$bCu-RivES 801 1$bCu-RivES 801 2$bCStRLIN 801 2$bWaOLN 906 $aBOOK 912 $a996383480703316 996 $aThe bishops last vote in Parliament. Or, Their supersedeas from both Houses, in February, 1641$92388581 997 $aUNISA